ស្រណោះព្រលឺងខ្មែរ / (Record no. 6696)

MARC details
000 -LEADER
fixed length control field 01428nam a22002417a 4500
001 - CONTROL NUMBER
control field 6696
003 - CONTROL NUMBER IDENTIFIER
control field FISKH
005 - DATE AND TIME OF LATEST TRANSACTION
control field 20250521111354.0
008 - FIXED-LENGTH DATA ELEMENTS--GENERAL INFORMATION
fixed length control field 250521b cb ||||| |||| 00| 0 eng d
040 ## - CATALOGING SOURCE
Original cataloging agency FISKH
Language of cataloging khr
Transcribing agency FISKH
Modifying agency FISKH
082 ## - DEWEY DECIMAL CLASSIFICATION NUMBER
Classification number 900
100 ## - MAIN ENTRY--PERSONAL NAME
Personal name Sarin, Uth
245 ## - TITLE STATEMENT
Title ស្រណោះព្រលឺងខ្មែរ /
Statement of responsibility, etc. អុិត សារិន អតីត សាស្រ្តចារ្យមធ្យមសិក្សាបឋមភូមិ អធិការ បឋមសិក្សា​
250 ## - EDITION STATEMENT
Edition statement បោះពុម្ពលើកទី១
260 ## - PUBLICATION, DISTRIBUTION, ETC.
Place of publication, distribution, etc. ភ្នំពេញ :
300 ## - PHYSICAL DESCRIPTION
Extent 56 pages :
Other physical details illustrations ;
Dimensions 21 cm .
520 ## - SUMMARY, ETC.
Summary, etc. សៀវភៅ «ស្រណោះព្រលឺងខ្មែរ» ដែលសរសេរដោយលោក អុិត សារិន គឺជារឿងនិទានខ្លីៗដែលបង្ហាញពីភាពទុក្ខសោក និងការលំបាកក្នុងជីវិតរបស់មនុស្សខ្មែរនៅក្នុងសង្គម។
520 ## - SUMMARY, ETC.
Summary, etc. The book "Sorrow at the Dawn of Cambodia", written by Uth Sarin, is a collection of short stories that depict the sorrow and hardships in the lives of Cambodian people within society.
650 ## - SUBJECT ADDED ENTRY--TOPICAL TERM
Topical term or geographic name entry element ព្រលឺងខ្មែរ
650 ## - SUBJECT ADDED ENTRY--TOPICAL TERM
Topical term or geographic name entry element Cambodian's soul
942 ## - ADDED ENTRY ELEMENTS (KOHA)
Source of classification or shelving scheme Dewey Decimal Classification
Koha item type Khmer Books
Suppress in OPAC No
Holdings
Withdrawn status Lost status Source of classification or shelving scheme Damaged status Not for loan Collection Home library Current library Shelving location Date acquired Total Checkouts Full call number Barcode Date last seen Price effective from Koha item type
    Dewey Decimal Classification     Khmer Language Books / សៀវភៅភាសាខ្មែរ Footprints International School Library Network Toul Tom Poung Campus Footprints International School Library Network Toul Tom Poung Campus TTP Secondary Khmer Bookshelves 05/21/2025   SAR 900 FIS03895 05/21/2025 05/21/2025 Khmer Books